<?xml version="1.0" encoding="UTF-8"?>
<record
    xmlns:xsi="http://www.w3.org/2001/XMLSchema-instance"
    xsi:schemaLocation="http://www.loc.gov/MARC21/slim http://www.loc.gov/standards/marcxml/schema/MARC21slim.xsd"
    xmlns="http://www.loc.gov/MARC21/slim">

  <leader>01170nam a22001457a 4500</leader>
  <datafield tag="999" ind1=" " ind2=" ">
    <subfield code="c">519848</subfield>
    <subfield code="d">519848</subfield>
  </datafield>
  <controlfield tag="008">220510b           ||||| |||| 00| 0 eng d</controlfield>
  <datafield tag="100" ind1=" " ind2=" ">
    <subfield code="a">Banerjee, Tanima </subfield>
    <subfield code="9">33123</subfield>
  </datafield>
  <datafield tag="245" ind1=" " ind2=" ">
    <subfield code="a">Occupational choice in developing countries: Self employment versus wage employment a conceptual framework  </subfield>
  </datafield>
  <datafield tag="260" ind1=" " ind2=" ">
    <subfield code="a">Artha Vijanan</subfield>
  </datafield>
  <datafield tag="300" ind1=" " ind2=" ">
    <subfield code="a">63(4), Dec, 2021: p.333-359</subfield>
  </datafield>
  <datafield tag="520" ind1=" " ind2=" ">
    <subfield code="a">In existing theories, richer people get higher loans, become entrepreneurs and earn high, people at the middle of wealth distribution choose self-employment, and people who join wage employment have the least income. However, in developing nations, regular wage employment offers higher income than self-employment, and to justify these findings, a partial equilibrium model is developed. Given lack of collateral, occupational choices are based on human capital possession and capital availability. In this model, in a skill-based dual sector economy, self-employment generates lower income than regular wage employment with discriminatory tastes of employers having an influence on occupational choices as well.- Reproduced </subfield>
  </datafield>
  <datafield tag="773" ind1=" " ind2=" ">
    <subfield code="a">Artha Vijanan</subfield>
  </datafield>
  <datafield tag="906" ind1=" " ind2=" ">
    <subfield code="a">OCCUPATIONS</subfield>
  </datafield>
  <datafield tag="942" ind1=" " ind2=" ">
    <subfield code="c">AR</subfield>
  </datafield>
  <datafield tag="952" ind1=" " ind2=" ">
    <subfield code="0">0</subfield>
    <subfield code="1">0</subfield>
    <subfield code="2">ddc</subfield>
    <subfield code="4">0</subfield>
    <subfield code="7">0</subfield>
    <subfield code="9">393918</subfield>
    <subfield code="a">IIPA</subfield>
    <subfield code="b">IIPA</subfield>
    <subfield code="d">2022-05-10</subfield>
    <subfield code="h">63(4), Dec, 2021: p.333-359</subfield>
    <subfield code="p">AR126634</subfield>
    <subfield code="r">2022-05-10</subfield>
    <subfield code="y">AR</subfield>
  </datafield>
</record>
